000
00262nam a2200121Ia 4500
082
_a
610
_b
B10D
100
_a
STAHELI,LYNNT
245
_a
PEDIATRIC OTHOPEDICS SECRETS
250
_a
3RD
260
_b
ELSEVIER
_a
DELHI
_c
2007
650
_a
PAEDIATRICS
942
_2
ddc
_c
BK
999
_c
948
_d
948